00482nam a2200193Ia 4500003000400000005001700004006001800021007000300039008004100042024001100083037001200094040002000106041001300126082001700139100002200156245007800178260000900256700002300265OSt20220918192226.0a|||||r|||| 00| 0ta220917b |||||||| |||| 00| 0 eng d a67,544 cTextual aARTScARTSbeng 2engaeng aR3xM13:4, J2 aClimacus Johannes 0aPhilosophical fragments or a fragment of philosophy tr by David F Swenson c1952 a Kierkegaard Soren